The Prehistoric World. (Record no. 2832)

MARC details
000 -LEADER
fixed length control field 00369nam a22001217a 4500
005 - DATE AND TIME OF LATEST TRANSACTION
control field 20200924143739.0
008 - FIXED-LENGTH DATA ELEMENTS--GENERAL INFORMATION
fixed length control field 200924b ||||| |||| 00| 0 eng d
020 ## - INTERNATIONAL STANDARD BOOK NUMBER
International Standard Book Number 0333252748
040 ## - CATALOGING SOURCE
Transcribing agency CML
245 ## - TITLE STATEMENT
Title The Prehistoric World.
Statement of responsibility, etc. Look It Up.
260 ## - PUBLICATION, DISTRIBUTION, ETC.
Place of publication, distribution, etc. London
Name of publisher, distributor, etc. Macmillan Publisher's Limited
Date of publication, distribution, etc. 1979
942 ## - ADDED ENTRY ELEMENTS (KOHA)
Source of classification or shelving scheme Dewey Decimal Classification
Koha item type Books
Edition Volume 4
Classification part 030
Call number prefix GEN/REF
Call number suffix LOO
Holdings
Withdrawn status Lost status Source of classification or shelving scheme Damaged status Not for loan Collection code Home library Current library Shelving location Date acquired Total Checkouts Full call number Date last seen Copy number Price effective from Koha item type
    Dewey Decimal Classification     Generalities Chalimbana Main Library Chalimbana Main Library Generalities 09/24/2020   GEN/REF 030 LOO 09/24/2020 1 09/24/2020 Books

Powered by Koha